| 000 | 00909nam a2200265 i 4500 | ||
|---|---|---|---|
| 001 | 169763 | ||
| 003 | ES-MaACL | ||
| 005 | 20231213062950.0 | ||
| 008 | 081125s2007 sp |||| | spa d | ||
| 080 | _a328.28(460.15) | ||
| 080 | _a159.942.52 | ||
| 100 | 1 |
_aGuerra Garrido, Raúl, _d1935-2022 _960515 |
|
| 245 | 1 | 0 |
_aHomenaje a Raúl Guerra Garrido _b: Ateneo de Madrid, 22 de marzo de 2007. |
| 250 | _aEd. especial con motivo del homenaje al autor, celebrado en el Ateneo de Madrid. | ||
| 260 |
_aBarcelona ; _aMadrid : _bMayo, _c2007. |
||
| 300 |
_a16 p. ; _c21 cm. |
||
| 505 | 8 |
_aContiene: ; _tEl miedo ; _tCorto viaje hacia la muerte |
|
| 650 | 1 | 4 |
_aMiedo. _915034 |
| 650 | 0 | 4 |
_aTerrorismo- _zPaís Vasco. _917501 |
| 710 | 2 |
_aAteneo de Madrid. _91875 |
|
| 852 |
_aES-MaACL _j2238-F-22 |
||
| 852 |
_aES-MaACL _j2333-F-33 |
||
| 852 |
_aES-MaACL _j2333-F-34 |
||
| 999 |
_c169763 _d169763 |
||